Sports Quiz

Random Sports or WWE Quiz

The 20 Icons of the WWE Attitude Era Quiz Stats

 Plays Quiz not verified by Sporcle

Challenge
Share
Tweet
Embed
Score 0/20 Timer 10:00
0 Plays Today
Hint Answer % Correct
The RattlesnakeSteve Austin
97.2%
The Great OneThe Rock
96.9%
The DeadmanThe Undertaker
95.3%
Mr SockoMankind
94.7%
Big Red Machine Kane
93.4%
HBKShawn Michaels
90.9%
Y2JChris Jericho
90.7%
The Game HHH
90.4%
The BossVince Mcmahon
88.7%
The Worlds largest Athele Big Show
88.2%
Hint Answer % Correct
The HitmanBret Hart
85.3%
Shattered dreamsGoldust
76.3%
It's true, it's damn trueKurt Angle
74.4%
Oh you didnt knowNew Age Outlaws
72.5%
Get the Tables The Dudley Boyz
71.5%
Its all about the moneyShane Mcmahon
69.4%
Pay for ProtectionAPA
68.7%
Team ExtremeThe Hardy Boys
64.4%
Con-chair-toEdge & Christian
62.5%
What's best for businessStephanie Mcmahon
59.3%

You're not logged in!

Compare scores with friends on all Sporcle quizzes.
OR
Log In

You Might Also Like...

Show Comments

Extras

Created Jun 12, 2014SourceReportNominate
Tags:WWE Quiz, attitude, era, icon

Top Quizzes Today


Score Distribution

Your Account Isn't Verified!

In order to create a playlist on Sporcle, you need to verify the email address you used during registration. Go to your Sporcle Settings to finish the process.

Report this User

Report this user for behavior that violates our Community Guidelines.

Details: